Prof. G Ram Reddy Library
Normal view MARC view

Entry Uniform Title

Number of records used in: 1

001 - CONTROL NUMBER

  • control field: 6770

003 - CONTROL NUMBER IDENTIFIER

  • control field: LDD

005 - DATE AND TIME OF LATEST TRANSACTION

  • control field: 20190624160241.0

008 - FIXED-LENGTH DATA ELEMENTS

  • fixed length control field: 190624|| aca||aabn | a|a d

040 ## - CATALOGING SOURCE

  • Original cataloging agency: LDD
  • Transcribing agency: LDD

130 ## - HEADING--UNIFORM TITLE

  • Uniform title: United Nations Framework Convention on Climate Change
  • Date of treaty signing: (1992 May 9).
  • Form subheading: Protocols, etc.
  • Date of treaty signing: (1997 December 11)

670 ## - SOURCE DATA FOUND

  • Source citation: Work cat.: (LDD)152190: Kellow, Aynsley J. (Aynsley John), 1951- author. 374, Negotiating climate change :

© Prof. G Ram Reddy Centre Library, Indira Gandhi National Open University, Maidan Garhi, New Delhi, 110068
+91-011-29532797 | FAX+91-011-29533393 |